La segunda vida de bree tanner /

Guardado en:
Autor Principal: Meyer, Stephenie
Otros Autores: Hermoso, Julio, trad.
Formato: Libro
Publicado: Buenos Aires : Alfaguara, 2010
Materias:
Etiquetas: Agregar Etiqueta
Sin Etiquetas, Sea el primero en etiquetar este registro!
LEADER 00707nam a22002295a 4500
001 CEM.cems013399
005 20100813122719.0
008 130507s2010##################000#0#####d
003 CEMS
020 |a 9789870415176 
082 0 4 |a 813.5 
100 1 |a Meyer, Stephenie 
245 1 0 |a La segunda vida de bree tanner /  |c Stephenie Meyer ; traducción de Julio Hermoso 
260 |a Buenos Aires :  |b Alfaguara,  |c 2010 
300 |a 240 p. 
653 |a Literatura 
653 |a Literatura norteamericana 
653 |a Novelas 
653 |a Novela norteamericana-siglo 20 
653 |a Novela juvenil norteamericana 
700 1 |a Hermoso, Julio, trad. 
859 |a CEMS  |b BIB. CEMS - 11 de abril  |h 813.5  |i M575-7  |p 26020.10  |t Ej.1